| 000 | 00877nam a2200217Ia 4500 | ||
|---|---|---|---|
| 003 | PE SENCICO BE | ||
| 005 | 20251020182508.0 | ||
| 008 | 200515s9999 xx 000 0 und d | ||
| 040 |
_aPE SENCICO BE _cPE SENCICO BE |
||
| 041 | _aspa | ||
| 082 |
_aR 025.48 _bO3 1985 |
||
| 110 | 1 |
_aOficina Internacional del Trabajo _92255 |
|
| 245 | 0 |
_aTesauro OIT = ILO Thesaurus = Thesaurus BIT : _bterminología de trabajo, empleo y formación = Labour, employment and training terminology = Terminologie du travail, de l' emploi et de la formation / _cOficina Internacional del Trabajo |
|
| 250 | _a3rd ed. | ||
| 260 |
_aGinebra : _bOficina Internacional del Trabajo ; _c1985 |
||
| 300 |
_axxvii, 463 p. : _c29 cm. |
||
| 500 | _aTesauro en idioma: español, francés , inglés | ||
| 650 | 1 | 0 |
_aTesauros _92252 |
| 650 | 2 | 0 |
_aDesarrollo económico y social _9728 |
| 942 |
_cLIB _2ddc |
||
| 999 |
_c1352 _d1352 |
||